| 000 | 00361nam a2200133Ia 4500 | ||
|---|---|---|---|
| 008 | 220204s9999 xx 000 0 und d | ||
| 082 |
_a676(035) _bHIG |
||
| 100 | _aHigham, Robert R A | ||
| 245 | 0 | _aHandbook of paper board and board. 2 V | |
| 260 |
_aLondon _bBusiness Books _c1970 |
||
| 505 | _aV 1..10.00Pd;V 2..6.00Pd | ||
| 650 | _aPaper board | ||
| 942 | _cBK | ||
| 999 |
_c24282 _d24282 |
||